| 000 | 00349nam a2200097Ia 4500 | ||
|---|---|---|---|
| 008 | 220216s9999 xx 000 0 und d | ||
| 100 | _aPremadasa R D | ||
| 245 | 0 | _aCountry report-Sri Lanka | |
| 260 | _bThe Progress and Development of Rubber Small Holders: Proceedings of the Ninth Seminar, 9-11 November 2005, Cochin, India. pp. 48-56. | ||
| 942 | _cJS | ||
| 999 |
_c56464 _d56464 |
||